Lata walki : PPR, Gl i AL na północnej Lubelszczyźnie 1942-1944 /

Saved in:
Bibliographic Details
Main Author: Borysiuk, Bolesław B.
Format: Book
Language:Polish
Published: Warszawa : Książka i Wiedza, 1981.
Edition:Wyd. 1.
Subjects:
Tags: Add Tag
No Tags, Be the first to tag this record!
LEADER 00950nam a2200289 a 4500
001 001098474-7
005 20020606090541.3
008 830803s1981 pl fa b 00110 polm
010 |a  82184270  
020 |c zł150.00 
035 0 |a ocm09829658 
040 |a DLC  |c DLC 
043 |a e-pl--- 
100 1 |a Borysiuk, Bolesław B. 
245 1 0 |a Lata walki :  |b PPR, Gl i AL na północnej Lubelszczyźnie 1942-1944 /  |c Bolesław B. Borysiuk. 
250 |a Wyd. 1. 
260 0 |a Warszawa :  |b Książka i Wiedza,  |c 1981. 
300 |a 423 p., [40] p. of plates :  |b ill. ;  |c 21 cm. 
500 |a Includes indexes. 
504 |a Bibliography: p. 380-[389] 
610 2 0 |a Polska Partia Robotnicza  |x History. 
610 2 0 |a Gwardia Ludowa (Poland) 
610 1 0 |a Poland.  |b Armia Ludowa. 
650 0 |a World War, 1939-1945  |x Underground movements  |z Poland  |z Lublin (Voivodeship) 
651 0 |a Lublin (Poland : Voivodeship)  |x History. 
988 |a 20020608 
906 |0 DLC